[Event "BPB Limburg open B"]
[Site "Maastricht"]
[Date "2015.05.23"]
[Round "2"]
[White "De Boer, Eelke"]
[Black "Leentjens, Gilbert"]
[Result "1-0"]
[WhiteElo "1912"]
[BlackElo "1818"]
[PlyCount "99"]
[EventDate "2015.05.22"]
[EventType "swiss"]
[EventRounds "7"]
[EventCountry "NED"]
[Source "P.Boonen"]
[SourceDate "2015.10.01"]

1. e4 e5 2. Nf3 Nc6 3. Bc4 Nf6 4. d4 exd4 5. O-O Bc5 6. e5 d5 7. exf6 dxc4 8.
fxg7 Rg8 9. Re1+ Be6 10. Bg5 Be7 11. Bxe7 Qxe7 12. Nxd4 Rd8 13. c3 Rxg7 14. Qa4
Qg5 15. g3 Qd5 16. Na3 Kf8 17. Nxe6+ fxe6 18. Rad1 Qc5 19. Rxd8+ Nxd8 20. Qxc4
Qxc4 21. Nxc4 Rd7 22. Re2 Ke7 23. Rd2 Rd5 24. Rxd5 exd5 25. Ne3 Ke6 26. f4 c5
27. Kf2 Nf7 28. Nc2 h5 29. h3 Nd6 30. g4 hxg4 31. hxg4 Nc4 32. b3 Nd6 33. Ke3
Ne4 34. c4 Nf6 35. g5 d4+ 36. Kf3 Nh5 37. Ne1 a5 38. Nd3 b6 39. Kg4 Ng7 40. Nb2
Nf5 41. Na4 Ne3+ 42. Kf3 Nd1 43. Nxb6 Nc3 44. a3 Nb1 45. Nd5 Nxa3 46. g6 Nxc4
47. bxc4 a4 48. f5+ Kxf5 49. g7 a3 50. g8=Q 1-0

[Event "BPB Limburg open B"]
[Site "Maastricht"]
[Date "2015.05.23"]
[Round "2"]
[White "De Boer, Robert"]
[Black "Cote, Frederic"]
[Result "1-0"]
[WhiteElo "1938"]
[BlackElo "1950"]
[PlyCount "55"]
[EventDate "2015.05.22"]
[EventType "swiss"]
[EventRounds "7"]
[EventCountry "NED"]
[Source "P.Boonen"]
[SourceDate "2015.10.01"]

1. e4 c5 2. c3 d5 3. exd5 Qxd5 4. d4 e6 5. Nf3 Nf6 6. Na3 cxd4 7. Nb5 Qd8 8.
Nbxd4 Be7 9. Bc4 O-O 10. O-O Qc7 11. Qe2 a6 12. Re1 Kh8 13. a4 Nc6 14. Nxc6
Qxc6 15. Ne5 Qc7 16. Bf4 Bd6 17. Rad1 Bxe5 18. Bxe5 Qc6 19. Rd4 b5 20. axb5
axb5 21. Bxb5 Qb7 22. Bd3 Ra2 23. Bxf6 gxf6 24. Bxh7 Qxb2 25. Qe3 Ra1 26. Bb1
Qxb1 27. Qh6+ Kg8 28. Rg4+ 1-0

[Event "BPB Limburg open B"]
[Site "Maastricht"]
[Date "2015.05.23"]
[Round "2"]
[White "De Freytas, Paul"]
[Black "Brasse, Bram"]
[Result "1/2-1/2"]
[WhiteElo "1964"]
[BlackElo "1901"]
[PlyCount "46"]
[EventDate "2015.05.22"]
[EventType "swiss"]
[EventRounds "7"]
[EventCountry "NED"]
[Source "P.Boonen"]
[SourceDate "2015.10.01"]

1. Nf3 d5 2. d4 Nf6 3. c4 c6 4. e3 g6 5. Nc3 Bg7 6. Bd3 O-O 7. O-O Nbd7 8. b3
Re8 9. Bb2 b6 10. Qd2 Bb7 11. e4 dxe4 12. Nxe4 c5 13. d5 Nxe4 14. Bxe4 Nf6 15.
Rae1 Nxe4 16. Rxe4 f5 17. Re6 Bc8 18. Rfe1 Bxe6 19. Rxe6 Qc7 20. h4 Kf7 21. Rc6
Qd7 22. Re6 Qc7 23. Rc6 Qd7 1/2-1/2

[Event "BPB Limburg open B"]
[Site "Maastricht"]
[Date "2015.05.23"]
[Round "2"]
[White "Decruyenaere, Robbert"]
[Black "Valstar, Jasper"]
[Result "0-1"]
[WhiteElo "1697"]
[BlackElo "1912"]
[PlyCount "146"]
[EventDate "2015.05.22"]
[EventType "swiss"]
[EventRounds "7"]
[EventCountry "NED"]
[Source "P.Boonen"]
[SourceDate "2015.10.01"]

1. d4 Nf6 2. c4 g6 3. Nc3 d5 4. cxd5 Nxd5 5. e4 Nxc3 6. bxc3 Bg7 7. Nf3 c5 8.
Bb2 O-O 9. Be2 Bg4 10. O-O Bxf3 11. Bxf3 cxd4 12. cxd4 Nc6 13. e5 Qb6 14. Rb1
Rad8 15. Qa4 Nxd4 16. Bxd4 Rxd4 17. Rxb6 Rxa4 18. Rxb7 e6 19. Rb5 Rxa2 20. g3
Rc8 21. Rd1 a6 22. Bb7 axb5 23. Bxc8 Bxe5 24. Rb1 Rb2 25. Rxb2 Bxb2 26. Ba6 b4
27. Bc4 Kf8 28. Kf1 Ke7 29. Ke2 Bd4 30. f3 Bc5 31. g4 f5 32. h3 Kf6 33. f4 h6
34. Kf3 g5 35. Bb3 Bd6 36. fxg5+ hxg5 37. gxf5 exf5 38. Bc2 Be5 39. Ke3 Bg3 40.
Kf3 f4 41. Ke4 Kg6 42. Bd1 Bh4 43. Bc2 Kf6 44. Bb3 Ke7 45. Kf3 Kd6 46. Ke4 Kc5
47. Bf7 Bg3 48. Be6 Bh4 49. Bf7 f3 50. Kxf3 Kd4 51. Ke2 Kc3 52. Kd1 Kb2 53. Kd2
Bg3 54. Bg6 Bf4+ 55. Kd1 b3 56. h4 g4 57. Ke2 Kc3 58. Kf2 Kd4 59. h5 Ke5 60. h6
Bxh6 61. Kg3 Kf6 62. Bb1 Kg5 63. Bh7 b2 64. Bb1 Bg7 65. Bc2 Be5+ 66. Kf2 Kf4
67. Bh7 Bd4+ 68. Kg2 g3 69. Bb1 Bf2 70. Bh7 Ke3 71. Bg6 Kd2 72. Be4 Kc1 73. Bd3
b1=Q 0-1

[Event "BPB Limburg open B"]
[Site "Maastricht"]
[Date "2015.05.23"]
[Round "2"]
[White "Feltman, Bart"]
[Black "De Mon, Gino"]
[Result "0-1"]
[WhiteElo "1806"]
[BlackElo "1855"]
[PlyCount "44"]
[EventDate "2015.05.22"]
[EventType "swiss"]
[EventRounds "7"]
[EventCountry "NED"]
[Source "P.Boonen"]
[SourceDate "2015.10.01"]

1. b4 e5 2. Bb2 Bxb4 3. Bxe5 Nf6 4. Nf3 Nc6 5. Bb2 d5 6. e3 O-O 7. c4 Bf5 8.
Qb3 Re8 9. Be2 Be4 10. a3 Ba5 11. O-O Bb6 12. Bxf6 Qxf6 13. cxd5 Qxa1 14. dxc6
Qf6 15. cxb7 Rab8 16. Nc3 Rxb7 17. Nd4 Rbb8 18. Nd5 Qg6 19. Bb5 Bxd4 20. Bxe8
Rxb3 21. Ne7+ Kf8 22. Nxg6+ Bxg6 0-1

[Event "BPB Limburg open B"]
[Site "Maastricht"]
[Date "2015.05.23"]
[Round "2"]
[White "Geboers, Jimmy"]
[Black "Clermonts, Jeroen"]
[Result "1/2-1/2"]
[WhiteElo "1889"]
[BlackElo "1993"]
[PlyCount "62"]
[EventDate "2015.05.22"]
[EventType "swiss"]
[EventRounds "7"]
[EventCountry "NED"]
[Source "P.Boonen"]
[SourceDate "2015.10.01"]

1. d4 e6 2. c4 b6 3. Nf3 Bb7 4. g3 Bb4+ 5. Bd2 Bxf3 6. exf3 Bxd2+ 7. Qxd2 d5 8.
Bg2 Ne7 9. f4 c6 10. cxd5 cxd5 11. Nc3 O-O 12. O-O Qd7 13. Nd1 Nbc6 14. Ne3
Rac8 15. Rfc1 Qd6 16. Bf1 Qb4 17. Qxb4 Nxb4 18. a3 Rxc1 19. Rxc1 Nbc6 20. Rd1
g6 21. b4 Nb8 22. Rd2 Rc8 23. Rc2 Rxc2 24. Nxc2 Nf5 25. Bd3 Nd6 26. b5 Kf8 27.
Kf1 Ke7 28. Ke2 Nb7 29. Kd2 Kd6 30. g4 Nd7 31. g5 f5 1/2-1/2

[Event "BPB Limburg open B"]
[Site "Maastricht"]
[Date "2015.05.23"]
[Round "2"]
[White "Hammers, Michael"]
[Black "Iov, Dmitrii"]
[Result "1/2-1/2"]
[WhiteElo "1673"]
[BlackElo "1916"]
[PlyCount "47"]
[EventDate "2015.05.22"]
[EventType "swiss"]
[EventRounds "7"]
[EventCountry "NED"]
[Source "P.Boonen"]
[SourceDate "2015.10.01"]

1. e4 c6 2. d4 d5 3. exd5 cxd5 4. Bd3 Nc6 5. c3 Nf6 6. h3 g6 7. Bf4 Bg7 8. Nf3
O-O 9. O-O Re8 10. Re1 a6 11. Nbd2 b5 12. Ne5 Qb6 13. Ndf3 Bb7 14. Qe2 e6 15.
Bg5 Nxe5 16. Nxe5 Ne4 17. Bxe4 dxe4 18. Nd7 Qc6 19. Nf6+ Bxf6 20. Bxf6 Qd5 21.
Qe3 Qf5 22. Be5 f6 23. g4 Qg5 24. Qxg5 1/2-1/2

[Event "BPB Limburg open B"]
[Site "Maastricht"]
[Date "2015.05.23"]
[Round "2"]
[White "Heijenrath, Jan"]
[Black "Veelenturf, Wim"]
[Result "1-0"]
[WhiteElo "1740"]
[BlackElo "1712"]
[PlyCount "83"]
[EventDate "2015.05.22"]
[EventType "swiss"]
[EventRounds "7"]
[EventCountry "NED"]
[Source "P.Boonen"]
[SourceDate "2015.10.01"]

1. e4 c6 2. d4 d5 3. exd5 cxd5 4. c4 Nf6 5. Nc3 e6 6. Bg5 Be7 7. Nf3 O-O 8. c5
Nc6 9. Bb5 Bd7 10. O-O h6 11. Bh4 Rc8 12. Bxc6 Bxc6 13. b4 Ne4 14. Bxe7 Qxe7
15. Qd3 Nxc3 16. Qxc3 Bb5 17. Rfe1 Bc4 18. a4 b5 19. Ne5 a6 20. Nxc4 bxc4 21.
b5 Qb7 22. Rab1 Rb8 23. Rb2 axb5 24. axb5 f6 25. Rxe6 Qd7 26. Rd6 Qf5 27. Ra6
Rfe8 28. Ra1 Qd7 29. Rab1 Re4 30. f3 Re6 31. Kf2 Qc7 32. g3 h5 33. Re1 Rbe8 34.
Rxe6 Rxe6 35. Re2 Rxe2+ 36. Kxe2 h4 37. b6 Qb8 38. Kf2 Qc8 39. gxh4 Qh3 40. Kg1
Qxh4 41. b7 Qf4 42. c6 1-0

[Event "BPB Limburg open B"]
[Site "Maastricht"]
[Date "2015.05.23"]
[Round "2"]
[White "Heuts, John"]
[Black "Coenen, Bert"]
[Result "1/2-1/2"]
[WhiteElo "1880"]
[BlackElo "1846"]
[PlyCount "44"]
[EventDate "2015.05.22"]
[EventType "swiss"]
[EventRounds "7"]
[EventCountry "NED"]
[Source "P.Boonen"]
[SourceDate "2015.10.01"]

1. c4 d6 2. Nc3 e5 3. Nf3 f5 4. d3 Nf6 5. g3 Be7 6. Bg2 c6 7. Rb1 a5 8. a3 O-O
9. b4 axb4 10. axb4 Na6 11. b5 Nc7 12. Qb3 c5 13. e3 Ne6 14. O-O Qe8 15. Bb2
Qh5 16. Ra1 Rxa1 17. Rxa1 f4 18. Rf1 fxe3 19. fxe3 Ng4 20. Nd5 Bg5 21. Bc1 Qh6
22. Qb2 Qh5 1/2-1/2

[Event "BPB Limburg open B"]
[Site "Maastricht"]
[Date "2015.05.23"]
[Round "2"]
[White "Holwijn, Melvin"]
[Black "Moog, Gerhard"]
[Result "1/2-1/2"]
[WhiteElo "1927"]
[BlackElo "1869"]
[PlyCount "75"]
[EventDate "2015.05.22"]
[EventType "swiss"]
[EventRounds "7"]
[EventCountry "NED"]
[Source "P.Boonen"]
[SourceDate "2015.10.01"]

1. d4 d5 2. Nf3 Bg4 3. Ne5 Bf5 4. c4 e6 5. Nc3 c6 6. e3 Nd7 7. Nxd7 Qxd7 8. Bd3
Bxd3 9. Qxd3 Nf6 10. O-O Bd6 11. e4 dxe4 12. Nxe4 Nxe4 13. Qxe4 O-O 14. b3 Rad8
15. Bb2 Be7 16. Rad1 Bf6 17. Rd3 g6 18. Rfd1 Rfe8 19. Qf3 Bg7 20. g3 Qe7 21.
Bc1 Rd7 22. h4 Red8 23. Qe4 h6 24. Bf4 Qf6 25. Be5 Qf5 26. Qxf5 gxf5 27. Bxg7
Kxg7 28. Kf1 Kf6 29. Ke2 h5 30. b4 b5 31. c5 a5 32. bxa5 Ra8 33. Ra3 Rda7 34.
Rdd3 Rxa5 35. Rxa5 Rxa5 36. a3 Ra4 37. Ke3 Rc4 38. f4 1/2-1/2

[Event "BPB Limburg open B"]
[Site "Maastricht"]
[Date "2015.05.23"]
[Round "2"]
[White "Hoornstra, Hans"]
[Black "Porteman, Eric"]
[Result "1-0"]
[WhiteElo "1955"]
[BlackElo "1923"]
[PlyCount "135"]
[EventDate "2015.05.22"]
[EventType "swiss"]
[EventRounds "7"]
[EventCountry "NED"]
[Source "P.Boonen"]
[SourceDate "2015.10.01"]

1. e4 e6 2. d4 d5 3. Nc3 Bb4 4. e5 c5 5. a3 Bxc3+ 6. bxc3 Qc7 7. Qg4 Ne7 8.
Qxg7 Rg8 9. Qxh7 Nbc6 10. Qd3 cxd4 11. f4 dxc3 12. Ne2 Bd7 13. Rb1 Nf5 14. h3
O-O-O 15. g4 Nh4 16. Qg3 Rh8 17. Qxc3 Be8 18. Ng3 d4 19. Qc4 Rd5 20. Ne4 Rxe5
21. fxe5 Qxe5 22. Bd3 f5 23. Qb5 fxe4 24. Qxe5 Nf3+ 25. Kf2 Nfxe5 26. Bxe4 Nc4
27. Kg3 Nd6 28. Bd3 e5 29. Re1 Bf7 30. a4 Bd5 31. Ba3 Nc4 32. Bxc4 Bxc4 33. h4
Bd5 34. h5 e4 35. Rb5 Rd8 36. Rxd5 Rxd5 37. Rxe4 d3 38. cxd3 Rxd3+ 39. Kh4 Rxa3
40. h6 Ra1 41. Kg5 Kd7 42. h7 Rh1 43. Kg6 Nd8 44. Kg7 Ne6+ 45. Rxe6 Kxe6 46. g5
Kf5 47. g6 Rh2 48. Kf7 Rc2 49. g7 Rc7+ 50. Ke8 Rxg7 51. h8=Q Kg6 52. Qf8 b6 53.
Qd6+ Kh5 54. Kf8 Rg4 55. Qd7 a6 56. Qf7+ Rg6 57. Qf3+ Rg4 58. Qh3+ Kg5 59. Qe3+
Rf4+ 60. Ke7 b5 61. a5 b4 62. Qe5+ Kg4 63. Qe2+ Kg3 64. Qxa6 b3 65. Qb5 Re4+
66. Kd6 Kf4 67. Qxb3 Re6+ 68. Qxe6 1-0

[Event "BPB Limburg open B"]
[Site "Maastricht"]
[Date "2015.05.23"]
[Round "2"]
[White "Kalle, Erwin"]
[Black "Nguyen, Sang"]
[Result "0-1"]
[WhiteElo "1744"]
[BlackElo "1803"]
[PlyCount "128"]
[EventDate "2015.05.22"]
[EventType "swiss"]
[EventRounds "7"]
[EventCountry "NED"]
[Source "P.Boonen"]
[SourceDate "2015.10.01"]

1. e4 d6 2. d4 Nf6 3. Nc3 Nbd7 4. f4 e5 5. fxe5 dxe5 6. dxe5 Nxe5 7. Qxd8+ Kxd8
8. Bg5 c6 9. Nf3 Bd6 10. Rd1 Kc7 11. Nd4 a6 12. Be2 Bg4 13. Rf1 Bxe2 14. Kxe2
Ned7 15. Nf5 Be5 16. Bf4 Bxf4 17. Rxf4 g5 18. Rff1 Rhe8 19. Nd6 Re7 20. Rf5 h6
21. h3 Rf8 22. Ke3 b5 23. Rf2 b4 24. Na4 Nd5+ 25. Kd2 Kxd6 26. exd5 cxd5 27.
Kc1 Kc6 28. Rfd2 Re5 29. c4 bxc3 30. bxc3 Nc5 31. Nxc5 Kxc5 32. Rf1 f5 33. Kc2
Re3 34. Rff2 f4 35. Rd4 Rfe8 36. Rfd2 R8e5 37. h4 f3 38. hxg5 hxg5 39. Rg4 Rf5
40. gxf3 Rexf3 41. Rdg2 Rf2+ 42. Rxf2 Rxf2+ 43. Kb3 Rf5 44. Kc2 Kd6 45. Ra4 Ke5
46. Rxa6 g4 47. Rg6 Rf2+ 48. Kb3 Kf4 49. a4 Kg3 50. a5 Rf7 51. a6 Kf3 52. Kb4
Rc7 53. Kb5 Rxc3 54. a7 Rc8 55. Ra6 Ra8 56. Kc5 g3 57. Kxd5 g2 58. Ra3+ Kf2 59.
Ra2+ Kf3 60. Ra3+ Kf4 61. Ra4+ Kf5 62. Ra1 Rxa7 63. Rxa7 g1=Q 64. Rf7+ Kg6 0-1

[Event "BPB Limburg open B"]
[Site "Maastricht"]
[Date "2015.05.23"]
[Round "2"]
[White "Kastelein, Gerard"]
[Black "Meyer, Stefan2"]
[Result "0-1"]
[WhiteElo "1816"]
[BlackElo "1768"]
[PlyCount "70"]
[EventDate "2015.05.22"]
[EventType "swiss"]
[EventRounds "7"]
[EventCountry "NED"]
[Source "P.Boonen"]
[SourceDate "2015.10.01"]

1. c4 Nf6 2. g3 e6 3. Bg2 d5 4. d4 Nc6 5. Nf3 dxc4 6. O-O Rb8 7. a4 Be7 8. Qc2
Na5 9. Nbd2 O-O 10. Nxc4 Nxc4 11. Qxc4 b6 12. Ne5 Bd7 13. Bc6 Qe8 14. Bxd7 Nxd7
15. Nc6 Ra8 16. Nxe7+ Qxe7 17. Qxc7 Rfc8 18. Qb7 Rcb8 19. Qe4 Qb4 20. Bf4 Re8
21. Qb7 Nf6 22. a5 Nd5 23. Be5 f6 24. e4 fxe5 25. exd5 bxa5 26. Qa6 exd4 27.
dxe6 Qb6 28. Qc4 Rac8 29. Qa2 Qxe6 30. Qxa5 d3 31. Rfe1 Qd7 32. Qa2+ Kh8 33.
Rxe8+ Rxe8 34. Qxa7 Qxa7 35. Rxa7 d2 0-1

[Event "BPB Limburg open B"]
[Site "Maastricht"]
[Date "2015.05.23"]
[Round "2"]
[White "Keetman, Sandra"]
[Black "Mestrom, Wolf"]
[Result "1-0"]
[WhiteElo "1710"]
[BlackElo "1834"]
[PlyCount "75"]
[EventDate "2015.05.22"]
[EventType "swiss"]
[EventRounds "7"]
[EventCountry "NED"]
[Source "P.Boonen"]
[SourceDate "2015.10.01"]

1. e4 c5 2. Nc3 d6 3. f4 e6 4. Nf3 Nc6 5. Bc4 Nge7 6. O-O d5 7. Bb5 Qb6 8.
Bxc6+ bxc6 9. d3 Ba6 10. Re1 g6 11. Ne5 Rd8 12. Qf3 Bg7 13. Ng4 h5 14. Nf2 c4
15. Kh1 cxd3 16. cxd3 Bd4 17. Nh3 dxe4 18. dxe4 Bg7 19. Nf2 O-O 20. a4 Qb3 21.
Nd5 Qb7 22. Nxe7+ Qxe7 23. e5 Rd5 24. b3 Rb8 25. Ba3 Qb7 26. Rab1 Bf8 27. Bxf8
Kxf8 28. Red1 Bc4 29. Ne4 Rxd1+ 30. Qxd1 Qb4 31. Qd7 Bxb3 32. Nd6 Qxf4 33. Nxf7
Qe4 34. Rg1 h4 35. Ng5 Qf5 36. Nh7+ Kg8 37. Nf6+ Kf8 38. Qd6+ 1-0

[Event "BPB Limburg open B"]
[Site "Maastricht"]
[Date "2015.05.23"]
[Round "2"]
[White "Klein, Gernot"]
[Black "Ramaekers, Philippe1"]
[Result "1/2-1/2"]
[WhiteElo "1971"]
[BlackElo "1883"]
[PlyCount "116"]
[EventDate "2015.05.22"]
[EventType "swiss"]
[EventRounds "7"]
[EventCountry "NED"]
[Source "P.Boonen"]
[SourceDate "2015.10.01"]

1. e4 e5 2. Nf3 Nc6 3. Bb5 f5 4. Nc3 fxe4 5. Nxe4 Nf6 6. d3 d5 7. Nxf6+ Qxf6 8.
Qe2 Bd6 9. Nd4 Bd7 10. Nxc6 bxc6 11. Ba4 O-O 12. Be3 Rae8 13. O-O-O d4 14. Bd2
Qxf2 15. Qe4 Bf5 16. Qxc6 Bg4 17. Rde1 Rb8 18. Bb3+ Kh8 19. Qe4 Bf5 20. Qd5 Bg4
21. h3 Bc8 22. Qe4 Bf5 23. Qe2 Qg3 24. Ref1 Rbe8 25. Rf3 Qg6 26. g4 Bd7 27.
Rhf1 Rxf3 28. Qxf3 Be6 29. Bxe6 Qxe6 30. Qf7 Qc8 31. Qd5 Qe6 32. Qxe6 Rxe6 33.
Kd1 Kg8 34. Ke2 Rf6 35. Rxf6 gxf6 36. Kf3 Kf7 37. Ke4 Ke6 38. Be1 Bf8 39. c3
Bc5 40. b4 Bb6 41. a4 dxc3 42. Bxc3 c6 43. a5 Bc7 44. a6 Bb6 45. Bd2 Bd4 46.
Bh6 Bb6 47. Bf8 Bd4 48. Bc5 Bxc5 49. bxc5 f5+ 50. gxf5+ Kf6 51. Ke3 Kxf5 52.
Kf3 h5 53. h4 Ke6 54. Ke4 Kf6 55. Ke3 Kf5 56. Kf3 Ke6 57. Ke4 Kf6 58. Ke3 Kf5
1/2-1/2

[Event "BPB Limburg open B"]
[Site "Maastricht"]
[Date "2015.05.23"]
[Round "2"]
[White "Koelmans, Jan Willem"]
[Black "Londers, Jan"]
[Result "1-0"]
[WhiteElo "1905"]
[BlackElo "1835"]
[PlyCount "87"]
[EventDate "2015.05.22"]
[EventType "swiss"]
[EventRounds "7"]
[EventCountry "NED"]
[Source "P.Boonen"]
[SourceDate "2015.10.01"]

1. d4 Nf6 2. c4 e6 3. Nc3 d5 4. Nf3 c6 5. Bf4 dxc4 6. a4 Bb4 7. e3 b5 8. Be2
Nd5 9. Qc2 Nxf4 10. exf4 Qc7 11. g3 Bb7 12. O-O a6 13. f5 exf5 14. Qxf5 O-O 15.
Ng5 g6 16. Qh3 h5 17. Bxh5 Kg7 18. Bf3 Rh8 19. Qg2 Be7 20. Nce4 Bc8 21. h4 f5
22. Nc5 Bxg5 23. hxg5 f4 24. Rfe1 Qf7 25. gxf4 Ra7 26. Bg4 Bxg4 27. Qxg4 Qd5
28. Qg2 Qf5 29. Re5 Qc2 30. Qe4 Qxe4 31. Rxe4 Rf7 32. Kg2 Nd7 33. Ne6+ Kg8 34.
axb5 axb5 35. Ra8+ Kh7 36. Rxh8+ Kxh8 37. Nd8 Rf8 38. Nxc6 Nb6 39. Re5 Rxf4 40.
Rxb5 Na4 41. Rb4 Rg4+ 42. Kf3 Nxb2 43. Rxb2 Rxg5 44. Rc2 1-0

[Event "BPB Limburg open B"]
[Site "Maastricht"]
[Date "2015.05.23"]
[Round "2"]
[White "Kronseder, Michael"]
[Black "Van der Valk, Reiner"]
[Result "1-0"]
[WhiteElo "1809"]
[BlackElo "1759"]
[PlyCount "52"]
[EventDate "2015.05.22"]
[EventType "swiss"]
[EventRounds "7"]
[EventCountry "NED"]
[Source "P.Boonen"]
[SourceDate "2015.10.01"]

1. e4 c6 2. Nc3 d5 3. Nf3 dxe4 4. Nxe4 Bf5 5. Ng3 Bg6 6. h4 h6 7. Ne5 Bh7 8.
Bc4 e6 9. Qh5 Qf6 10. d3 Bd6 11. f4 Ne7 12. Bd2 Nf5 13. Ne4 Qe7 14. Nxd6+ Nxd6
15. Bb4 O-O 16. g4 b5 17. g5 a5 18. Bc3 bxc4 19. gxh6 g6 20. Rg1 Qa7 21. O-O-O
Qe3+ 22. Bd2 Qc5 23. Rg5 Nf5 24. Nxg6 fxg6 25. Rxg6+ Kf7 26. Rg7+ Kf6 1-0

[Event "BPB Limburg open B"]
[Site "Maastricht"]
[Date "2015.05.23"]
[Round "2"]
[White "Kuehn, Patrick1"]
[Black "Van Roon, Sjoerd"]
[Result "0-1"]
[WhiteElo "2039"]
[BlackElo "1853"]
[PlyCount "118"]
[EventDate "2015.05.22"]
[EventType "swiss"]
[EventRounds "7"]
[EventCountry "NED"]
[Source "P.Boonen"]
[SourceDate "2015.10.01"]

1. e4 e5 2. Nf3 Nc6 3. d4 exd4 4. Nxd4 Bc5 5. Nb3 Bb6 6. Nc3 d6 7. Qe2 Nf6 8.
Be3 Be6 9. O-O-O Qe7 10. f3 Bxe3+ 11. Qxe3 a5 12. Bb5 O-O 13. g4 Na7 14. Be2 b5
15. g5 Nd7 16. Nd5 Bxd5 17. Rxd5 a4 18. Nd4 Nb6 19. Rf5 g6 20. Rf4 Nd5 21. Qd2
Nxf4 22. Qxf4 Rfb8 23. c4 b4 24. h4 c5 25. Nb5 Nxb5 26. cxb5 Qe6 27. Rd1 Qxa2
28. Rxd6 a3 29. Qf6 Qa1+ 30. Kd2 Qxb2+ 31. Qxb2 axb2 32. Kc2 b3+ 33. Kb1 Ra1+
34. Kxb2 Ra2+ 35. Kxb3 Rxe2 36. b6 Kf8 37. Kc4 Ke7 38. Rf6 Rd2 39. Kxc5 Rc8+
40. Kb5 Rd6 41. b7 Rb8 42. Rxd6 Kxd6 43. Kb6 Re8 44. f4 Rf8 45. f5 Ke5 46. f6
Kd6 47. e5+ Kd7 48. Kc5 Kc7 49. Kd5 Rd8+ 50. Ke4 Kxb7 51. e6 Re8 52. e7 Kc6 53.
Kf4 Kd7 54. Kg4 Ra8 55. h5 Ra4+ 56. Kh3 gxh5 57. Kg3 Rg4+ 58. Kh3 Rxg5 59. Kh4
Rf5 0-1

[Event "BPB Limburg open B"]
[Site "Maastricht"]
[Date "2015.05.23"]
[Round "2"]
[White "Kuijpers, Domien"]
[Black "Winand, Michael"]
[Result "1/2-1/2"]
[WhiteElo "1830"]
[BlackElo "1757"]
[PlyCount "45"]
[EventDate "2015.05.22"]
[EventType "swiss"]
[EventRounds "7"]
[EventCountry "NED"]
[Source "P.Boonen"]
[SourceDate "2015.10.01"]

1. e4 e5 2. Nc3 Nc6 3. Bc4 Nf6 4. d3 Be7 5. f4 d6 6. Nf3 Bg4 7. Bb5 O-O 8. Bxc6
bxc6 9. fxe5 dxe5 10. O-O Nd7 11. Qe1 f6 12. Be3 Bc5 13. Na4 Bxe3+ 14. Qxe3 Qe7
15. c3 Rfe8 16. b4 Nf8 17. Nc5 a5 18. a3 Ne6 19. Nxe6 Bxe6 20. Nh4 Red8 21. Nf5
Bxf5 22. exf5 axb4 23. cxb4 1/2-1/2

[Event "BPB Limburg open B"]
[Site "Maastricht"]
[Date "2015.05.23"]
[Round "2"]
[White "Larkin, Vladislav"]
[Black "Smet, Louis"]
[Result "0-1"]
[WhiteElo "1863"]
[BlackElo "1750"]
[PlyCount "74"]
[EventDate "2015.05.22"]
[EventType "swiss"]
[EventRounds "7"]
[EventCountry "NED"]
[Source "P.Boonen"]
[SourceDate "2015.10.01"]

1. d4 d5 2. Bf4 Nf6 3. e3 c6 4. c4 g6 5. Nc3 Bg7 6. Nf3 O-O 7. Be2 dxc4 8. Bxc4
b5 9. Bd3 Bb7 10. b4 a5 11. Qb3 Na6 12. bxa5 Qxa5 13. O-O Bc8 14. Ng5 Nb4 15.
Bb1 Ng4 16. h3 e5 17. Bg3 exd4 18. hxg4 dxc3 19. Bd6 Qa4 20. Qxb4 Rd8 21. Be4
Bf6 22. Qxa4 Rxa4 23. Bf4 h6 24. Bc2 hxg5 25. Bxa4 gxf4 26. Bc2 Bxg4 27. a4 b4
28. a5 Ra8 29. a6 Ra7 30. exf4 c5 31. Bb3 Be2 32. Rfe1 c4 33. Ba4 Bd3 34. Re8+
Kg7 35. Bc6 c2 36. Rc1 Rxa6 37. Be4 Ra1 0-1

[Event "BPB Limburg open B"]
[Site "Maastricht"]
[Date "2015.05.23"]
[Round "2"]
[White "Leontiev, Oleg"]
[Black "Saizew, Valeri"]
[Result "0-1"]
[WhiteElo "1929"]
[BlackElo "1957"]
[PlyCount "84"]
[EventDate "2015.05.22"]
[EventType "swiss"]
[EventRounds "7"]
[EventCountry "NED"]
[Source "P.Boonen"]
[SourceDate "2015.10.01"]

1. d4 d5 2. Nf3 Nf6 3. e3 Bf5 4. c4 c6 5. Nc3 e6 6. Be2 Nbd7 7. O-O Bd6 8. Qb3
Qb8 9. cxd5 exd5 10. h3 O-O 11. Bd2 Qc7 12. Na4 b5 13. Nc3 a5 14. a4 b4 15. Na2
c5 16. dxc5 Nxc5 17. Qd1 Nb3 18. Nd4 Nxd4 19. exd4 Bc2 20. Qc1 Bxa4 21. Qxc7
Bxc7 22. Nc1 Bc2 23. Nd3 Rfe8 24. Be3 Ne4 25. Rfc1 b3 26. Ne1 Nc3 27. bxc3 Be4
28. Bb5 Reb8 29. Ba4 b2 30. Rab1 bxc1=Q 31. Rxc1 Rb1 32. Rxb1 Bxb1 33. Kf1 Ba2
34. Ke2 Rb8 35. Nd3 Bc4 36. Kd2 Rb1 37. Nc5 Ra1 38. Kc2 Ra2+ 39. Kb1 Re2 40.
Kc1 f5 41. Bd1 Ra2 42. Kb1 f4 0-1

[Event "BPB Limburg open B"]
[Site "Maastricht"]
[Date "2015.05.23"]
[Round "2"]
[White "Loose, Rob"]
[Black "Staudte, Rainer"]
[Result "1/2-1/2"]
[WhiteElo "1908"]
[BlackElo "1871"]
[PlyCount "91"]
[EventDate "2015.05.22"]
[EventType "swiss"]
[EventRounds "7"]
[EventCountry "NED"]
[Source "P.Boonen"]
[SourceDate "2015.10.01"]

1. e4 c5 2. Nf3 Nc6 3. d4 cxd4 4. Nxd4 Nf6 5. Nc3 e5 6. Ndb5 d6 7. Bg5 a6 8.
Na3 b5 9. Nd5 Be7 10. Bxf6 Bxf6 11. c3 O-O 12. Nc2 Rb8 13. Bd3 g6 14. O-O Bg7
15. Nce3 Ne7 16. Nxe7+ Qxe7 17. Nd5 Qg5 18. Qe2 f5 19. f3 fxe4 20. Bxe4 Bb7 21.
Rfd1 Rfd8 22. Rd3 Bf8 23. Rad1 Kh8 24. Qf2 Bxd5 25. Rxd5 Qe7 26. Qc2 Qc7 27. g3
Rdc8 28. Qb3 b4 29. cxb4 Qb6+ 30. Kg2 Qxb4 31. Qxb4 Rxb4 32. b3 Rb5 33. R5d2 a5
34. Rc2 Rxc2+ 35. Bxc2 d5 36. Bd3 Rc5 37. Kf1 Kg7 38. Ke2 Kf6 39. Rd2 Rc3 40.
Rc2 Bb4 41. Rxc3 Bxc3 42. Bb5 g5 43. Bc6 Ke6 44. Bb7 Kd6 45. Kd3 Bb4 46. Bc8
1/2-1/2

[Event "BPB Limburg open B"]
[Site "Maastricht"]
[Date "2015.05.23"]
[Round "2"]
[White "Mercan, Oscar"]
[Black "Valenta, Richard"]
[Result "0-1"]
[WhiteElo "1794"]
[BlackElo "1810"]
[PlyCount "104"]
[EventDate "2015.05.22"]
[EventType "swiss"]
[EventRounds "7"]
[EventCountry "NED"]
[Source "P.Boonen"]
[SourceDate "2015.10.01"]

1. d4 g6 2. e4 Bg7 3. Bc4 d6 4. Nf3 Nf6 5. Nbd2 O-O 6. O-O c6 7. c3 Nbd7 8. a4
Qc7 9. Re1 e5 10. dxe5 Nxe5 11. Nxe5 dxe5 12. Nf3 Bg4 13. h3 Rfd8 14. Qe2 Bxf3
15. Qxf3 Rd7 16. Bg5 Ne8 17. Qe3 Nd6 18. Ba2 Kh8 19. c4 f5 20. f3 f4 21. Qb3 c5
22. Rad1 b6 23. Rd5 h6 24. Bh4 g5 25. Bf2 Rad8 26. Red1 Bf6 27. a5 h5 28. Qa3
Rg7 29. b4 cxb4 30. Qxb4 bxa5 31. Qa4 g4 32. Rxd6 Rxd6 33. Qe8+ Rg8 34. Qxh5+
Kg7 35. Rxd6 Qxd6 36. Qxg4+ Kf8 37. Qc8+ Qd8 38. Bc5+ Kf7 39. Qb7+ Kg6 40. Bxa7
Qd1+ 41. Kh2 Qd2 42. Qd5 Rd8 43. Qxd2 Rxd2 44. Bb3 Bh4 45. c5 Rb2 46. Bc4 Rc2
47. Bd3 Bg3+ 48. Kg1 Rc1+ 49. Bf1 a4 50. Bb8 Kf6 51. Bd6 a3 52. c6 a2 0-1